<?xml version="1.0" encoding="UTF-8"?>
<record
    xmlns:xsi="http://www.w3.org/2001/XMLSchema-instance"
    xsi:schemaLocation="http://www.loc.gov/MARC21/slim http://www.loc.gov/standards/marcxml/schema/MARC21slim.xsd"
    xmlns="http://www.loc.gov/MARC21/slim">

  <leader>02043    a2200349   4500</leader>
  <controlfield tag="005">20090519140548.0</controlfield>
  <controlfield tag="008">090519t        xxu||||| |||| 00| 0 eng d</controlfield>
  <datafield tag="010" ind1=" " ind2=" ">
    <subfield code="a">ENG-90014                B-309888-890,  B-317943</subfield>
  </datafield>
  <datafield tag="020" ind1=" " ind2=" ">
    <subfield code="a">0195693523</subfield>
    <subfield code="c">2950.00</subfield>
  </datafield>
  <datafield tag="020" ind1=" " ind2=" ">
    <subfield code="a">9780195693522</subfield>
    <subfield code="c">2950.00</subfield>
  </datafield>
  <datafield tag="035" ind1=" " ind2=" ">
    <subfield code="a">EN-73547</subfield>
  </datafield>
  <datafield tag="035" ind1=" " ind2=" ">
    <subfield code="a">B-309888-890</subfield>
  </datafield>
  <datafield tag="035" ind1=" " ind2=" ">
    <subfield code="a">B-317943</subfield>
  </datafield>
  <datafield tag="037" ind1=" " ind2=" ">
    <subfield code="b">DBAD /  PUB</subfield>
  </datafield>
  <datafield tag="040" ind1=" " ind2=" ">
    <subfield code="a">dpl</subfield>
    <subfield code="b">English</subfield>
  </datafield>
  <datafield tag="082" ind1=" " ind2=" ">
    <subfield code="a">330.954</subfield>
  </datafield>
  <datafield tag="245" ind1=" " ind2=" ">
    <subfield code="a">The oxford companion to economics in India /</subfield>
    <subfield code="c">edited by Kaushik Basu</subfield>
  </datafield>
  <datafield tag="250" ind1=" " ind2=" ">
    <subfield code="a">rev ed</subfield>
  </datafield>
  <datafield tag="260" ind1=" " ind2=" ">
    <subfield code="a">New Delhi</subfield>
    <subfield code="b">Oxford University Press</subfield>
    <subfield code="c">2008</subfield>
  </datafield>
  <datafield tag="270" ind1=" " ind2=" ">
    <subfield code="a">YMCA Library Building, Jai Singh Road</subfield>
    <subfield code="b">New  Delhi</subfield>
    <subfield code="c">Delhi</subfield>
    <subfield code="e">110001</subfield>
  </datafield>
  <datafield tag="300" ind1=" " ind2=" ">
    <subfield code="a">x, 614p.</subfield>
    <subfield code="c">27cm( Hb)</subfield>
    <subfield code="e">CD-ROM</subfield>
  </datafield>
  <datafield tag="500" ind1=" " ind2=" ">
    <subfield code="a">Includes index</subfield>
  </datafield>
  <datafield tag="700" ind1=" " ind2=" ">
    <subfield code="a">Basu, Kaushik</subfield>
  </datafield>
  <datafield tag="942" ind1=" " ind2=" ">
    <subfield code="a">dpl</subfield>
    <subfield code="c">EN</subfield>
    <subfield code="2">ddc</subfield>
    <subfield code="h">330.954</subfield>
    <subfield code="m">OXF</subfield>
  </datafield>
  <datafield tag="999" ind1=" " ind2=" ">
    <subfield code="c">11807</subfield>
    <subfield code="d">11807</subfield>
  </datafield>
  <datafield tag="952" ind1=" " ind2=" ">
    <subfield code="0">0</subfield>
    <subfield code="1">0</subfield>
    <subfield code="2">ddc</subfield>
    <subfield code="4">0</subfield>
    <subfield code="7">0</subfield>
    <subfield code="a">AG</subfield>
    <subfield code="b">DBAD</subfield>
    <subfield code="d">2008-10-01</subfield>
    <subfield code="g">2950.00</subfield>
    <subfield code="l">0</subfield>
    <subfield code="p">EN-73547</subfield>
    <subfield code="r">2008-09-15 00:00:00</subfield>
    <subfield code="u">12922</subfield>
    <subfield code="v">2950.00</subfield>
    <subfield code="w">2008-09-15</subfield>
    <subfield code="y">EN</subfield>
  </datafield>
  <datafield tag="952" ind1=" " ind2=" ">
    <subfield code="0">0</subfield>
    <subfield code="1">0</subfield>
    <subfield code="2">ddc</subfield>
    <subfield code="4">0</subfield>
    <subfield code="7">0</subfield>
    <subfield code="8">NFIC</subfield>
    <subfield code="a">L</subfield>
    <subfield code="b">L</subfield>
    <subfield code="d">2009-05-19</subfield>
    <subfield code="e">UBS/8475/3.1.09/248/12.12.08/7.1.09</subfield>
    <subfield code="g">2950.00</subfield>
    <subfield code="l">0</subfield>
    <subfield code="o">330.954 OXF</subfield>
    <subfield code="p">B-309888</subfield>
    <subfield code="r">2009-05-19 00:00:00</subfield>
    <subfield code="t">1</subfield>
    <subfield code="v">2950.00</subfield>
    <subfield code="w">2009-05-19</subfield>
    <subfield code="y">EN</subfield>
  </datafield>
  <datafield tag="952" ind1=" " ind2=" ">
    <subfield code="0">0</subfield>
    <subfield code="1">0</subfield>
    <subfield code="2">ddc</subfield>
    <subfield code="4">0</subfield>
    <subfield code="7">0</subfield>
    <subfield code="8">NFIC</subfield>
    <subfield code="a">BL1</subfield>
    <subfield code="b">BL1</subfield>
    <subfield code="d">2009-05-19</subfield>
    <subfield code="e">UBS/8475/3.1.09/248/12.12.08/7.1.09</subfield>
    <subfield code="g">2950.00</subfield>
    <subfield code="l">0</subfield>
    <subfield code="o">330.954 OXF</subfield>
    <subfield code="p">B-309889</subfield>
    <subfield code="r">2009-05-19 00:00:00</subfield>
    <subfield code="t">1</subfield>
    <subfield code="v">2950.00</subfield>
    <subfield code="w">2009-05-19</subfield>
    <subfield code="y">EN</subfield>
  </datafield>
  <datafield tag="952" ind1=" " ind2=" ">
    <subfield code="0">0</subfield>
    <subfield code="1">0</subfield>
    <subfield code="2">ddc</subfield>
    <subfield code="4">0</subfield>
    <subfield code="7">0</subfield>
    <subfield code="8">NFIC</subfield>
    <subfield code="a">ZLS</subfield>
    <subfield code="b">ZLS</subfield>
    <subfield code="d">2009-05-19</subfield>
    <subfield code="e">UBS/8475/3.1.09/248/12.12.08/7.1.09</subfield>
    <subfield code="g">2950.00</subfield>
    <subfield code="l">10</subfield>
    <subfield code="o">330.954 OXF</subfield>
    <subfield code="p">B-309890</subfield>
    <subfield code="r">2015-06-22 00:00:00</subfield>
    <subfield code="s">2015-06-06</subfield>
    <subfield code="t">1</subfield>
    <subfield code="v">2950.00</subfield>
    <subfield code="w">2009-05-19</subfield>
    <subfield code="y">EN</subfield>
  </datafield>
  <datafield tag="952" ind1=" " ind2=" ">
    <subfield code="0">4</subfield>
    <subfield code="1">0</subfield>
    <subfield code="2">ddc</subfield>
    <subfield code="4">0</subfield>
    <subfield code="7">0</subfield>
    <subfield code="8">REF</subfield>
    <subfield code="a">JP</subfield>
    <subfield code="b">JP</subfield>
    <subfield code="d">2009-05-19</subfield>
    <subfield code="e">Pansy Books/942/29.9.09/92/4.9.09/29.9.09</subfield>
    <subfield code="g">2950.00</subfield>
    <subfield code="l">0</subfield>
    <subfield code="o">330.954 OXF</subfield>
    <subfield code="p">B-317943</subfield>
    <subfield code="r">2009-05-19 00:00:00</subfield>
    <subfield code="t">1</subfield>
    <subfield code="v">2950.00</subfield>
    <subfield code="w">2009-05-19</subfield>
    <subfield code="y">EN</subfield>
    <subfield code="z">Written off on approval by DLB (By Circulation); dtd 15-06-2023</subfield>
  </datafield>
</record>
